Sports Quiz

Random Sports or NBA Quiz

Golden State Warriors 2016 NBA Playoff Roster Quiz Stats

 Plays Quiz not verified by Sporcle

Challenge
Share
Tweet
Embed
Score 0/16 Timer 05:00
0 Plays Today
Position Players % Correct
GStephen Curry
97.8%
GKlay Thompson
96.7%
FDraymond Green
95.2%
FHarrison Barnes
91.6%
CoachSteve Kerr
91.4%
CAndrew Bogut
91.2%
GShaun Livingston
89.6%
G/FAndre Iguodala
86.9%
Position Players % Correct
GLeandro Barbosa
78.1%
CFestus Ezeli
77%
F/CMarreese Speights
73.5%
GIan Clark
67.7%
FJames McAdoo
64.7%
F/GBrandon Rush
62.4%
FAnderson Varejao
61.9%
FKevon Looney
50.8%

You're not logged in!

Compare scores with friends on all Sporcle quizzes.
OR
Log In

You Might Also Like...

Show Comments

Extras

Top Quizzes Today


Score Distribution

Your Account Isn't Verified!

In order to create a playlist on Sporcle, you need to verify the email address you used during registration. Go to your Sporcle Settings to finish the process.

Report this User

Report this user for behavior that violates our Community Guidelines.

Details: